Τροπικός του Αιγόκερω
Αποθηκεύτηκε σε:
| Άλλοι συγγραφείς: | , |
|---|---|
| Μορφή: | Βιβλίο |
| Γλώσσα: | Greek |
| Δημοσίευση: |
Αθήνα :
Δελβενακιώτης,
1970
|
| Θέματα: | |
| Ετικέτες: |
Προσθήκη ετικέτας
Δεν υπάρχουν, Καταχωρήστε ετικέτα πρώτοι!
|
MARC
| LEADER | 00000nam a2200000 i 4500 | ||
|---|---|---|---|
| 001 | 1/37235 | ||
| 008 | 950830s1970 gre d | ||
| 035 | |l 10024640 | ||
| 040 | |a GR-MY-UA |b gre |e aacr | ||
| 041 | 0 | |a gre | |
| 082 | 0 | |a 813 | |
| 245 | 1 | 0 | |a Τροπικός του Αιγόκερω / |c Χένρυ Μίλλερ ; Μετ.:Βαγγέλη Κατσάνη |
| 260 | |a Αθήνα : |b Δελβενακιώτης, |c 1970 | ||
| 650 | 0 | 0 | |a American literature. |
| 650 | 0 | 0 | |a American fiction |y 20th century. |
| 700 | 1 | |a Miller, Henry, |d 1891-1980. | |
| 700 | 1 | |a Κατσάνης, Βαγγέλης, |d 1933- | |
| 852 | |a INST |b CHIOS |e 19950830 |h 813 ΜΙΛ |p 005200001128 |q 005200001128 |t BK |y 0 | ||
| 909 | |a Χ |b 016291 | ||